Statistiques concernant Poissons d'eau douce

Cliquez ici pour prendre le quiz!

Statistiques générales

  • Ce quiz a été pris 263 fois
    (258 depuis la dernière actualisation)
  • Le résultat moyen est 11 sur 24

Statistiques - réponses

Réponse% Correct
brochet
90%
carpe
89%
truite
87%
perche
79%
gardon
76%
silure
75%
sandre
61%
anguille
59%
goujon
58%
tanche
58%
poisson chat
55%
breme
52%
ablette
44%
vairon
35%
black bass
34%
epinoche
28%
barbeau
25%
omble
21%
rotengle
21%
carassin
19%
ombre
18%
gremille
10%
hotu
9%
vandoise
5%

Distribution des résultats

Percentile par nombre de réponses

% des personnes avec chaque résultat

Votre développement - résultats

Vous n’avez pas pris ce quiz depuis la dernière actualisation